000 01507nam a2200181 a 4500
005 20260322212051.0
008 data
020 _a9781600779237
090 _aDVD 979.132 G736
110 2 _aKUED-TV (Television station : Salt Lake City, Utah) ; Topics Entertainment (Firm)
245 1 0 _aGrand Canyon serenade
_cKUED-TV (Television station : Salt Lake City, Utah) ; Topics Entertainment (Firm).
260 _aRenton, WA :
_bTopics Entertainment, ;
_c2011, 2010.
300 _a1 videodisc (50 min.) : sd., col. ;
_b4 3/4 in.
500 _a"As aired on Public Television"--Container.
520 3 _aFloat down the Colorado River, soar over cliffs and get lost in the warm colors that make up the southwest Grand Canyon Serenade, a stunning visual portrait of one of Earth's greatest wonders set to the world-music of Tchaikovsky, Vivaldi and Satie, lets you experience some of the most breathtaking adventures on the planet. This mediative film journey showcases the beauty and spiritual nature of one of America's crown jewels. Grand Canyon Serenade, previously viewed on public television, beautifully captures the awe-inspiring views and picturesque landscape that make the region so alluring. Go from the Redwall Cavern to Crystal Rapid and Havasu Creek to Marble Canyon, and beyond! Take a ride through the heart of the southwest's incredible wilderness, immerse yourself in white water adventures, embrace sheer cliff walls and fall in love with the endless desert.
650 0 _aGrand Canyon
001 data
999 _c1201
_d1201